000 00671nam a2200229Ia 4500
003 GCL
008 140319s9999 xx 000 0 ara d
040 _aGCL /
_cGCL
082 0 4 _a811.9
_bف ت
100 1 _aفتحى فرغلى
245 1 0 _aتغيرت البلاد و من عليها /
_cفتحى فرغلى
300 _a82 ص
490 _aشعر
_v0
650 0 4 _aالشعر العربى
650 0 4 _aالادب العربى
650 0 4 _aالعصر الحديث
650 0 4 _aالادب
650 0 4 _aالدباغة
650 0 4 _aالشعر العربى - العصر الحديث
650 0 4 _aالشعر العربى - العراق
942 _2ddc
_cBK
999 _c40670
_d40670